[Event "Let's Play Chess!"]
[Site "http://www.queenalice.com/game.php?id=625617"]
[Date "2009.7.27"]
[Round "-"]
[White "par7733"]
[Black "Ekensberg"]
[Result "0-1"]
[WhiteElo "1459"]
[BlackElo "1440"]

1. e4 c5 2. Nf3 Nc6 3. Bc4 e6 4. c3 d5 5. exd5 exd5 6. Qe2+ Be7 7. Bb3 Nf6 8.
Ne5 Nxe5 9. Qxe5 O-O 10. d4 Re8 11. O-O h6 12. Qf4 Bd6 13. Qd2 Bf5 14. Ba4 Re7
15. dxc5 Bxc5 16. Qf4 Bxb1 17. Rxb1 Re4 18. Qg3 Rxa4 19. Bxh6 Rg4 20. Qh3 gxh6
21. Qxh6 Rg6 22. Qh4 Ne4 23. Rbd1 Qxh4 24. g3 Nxg3 25. hxg3 Rxg3# 0-1

[Event "Challenge"]
[Site "http://www.queenalice.com/game.php?id=625636"]
[Date "2009.7.27"]
[Round "-"]
[White "par7733"]
[Black "kathieD"]
[Result "1-0"]
[WhiteElo "1362"]
[BlackElo "1188"]

1. e4 e5 2. Nf3 f6 3. Bc4 Ne7 4. Nc3 c6 5. d3 b5 6. Bb3 b4 7. Na4 g5 8. d4 exd4
9. Qxd4 Bg7 10. Qxb4 a5 11. Qd4 Ba6 12. Be3 g4 13. Nh4 Ra7 14. Qxa7 h5 15. O-O-O
Kf8 16. Bb6 Qc8 17. Bc7 Bh6+ 18. Kb1 Bg5 19. Nf5 Bb5 20. Nb6 Qa6 21. Bxb8 d5 22.
Qxe7+ Kg8 23. Qg7# 1-0

[Event "Challenge"]
[Site "http://www.queenalice.com/game.php?id=625645"]
[Date "2009.7.27"]
[Round "-"]
[White "par7733"]
[Black "QueenSarah"]
[Result "1-0"]
[WhiteElo "1438"]
[BlackElo "1100"]

1. e4 e5 2. Nf3 Bc5 3. Bc4 d5 4. exd5 Qf6 5. d3 Qb6 6. Nxe5 Qe6 7. dxe6 Bxe6 8.
Qf3 f6 9. Bxe6 Ne7 10. Qxb7 Na6 11. Qxa8+ Nc8 12. Qxc8+ Ke7 13. Qd7+ Kf8 14.
Qf7# 1-0

[Event "Challenge"]
[Site "http://www.queenalice.com/game.php?id=626989"]
[Date "2009.7.29"]
[Round "-"]
[White "Admilton"]
[Black "par7733"]
[Result "0-1"]
[WhiteElo "1430"]
[BlackElo "1394"]

1. d4 d5 2. c3 Nc6 3. e3 Bf5 4. Bd3 e6 5. Bxf5 exf5 6. Nh3 Nf6 7. Nd2 Na5 8.
Qa4+ Qd7 9. Qxa5 Bd6 10. b4 O-O 11. Qa3 Qb5 12. Ng1 f4 13. Nf1 Rfe8 14. Kd2 Ne4+
15. Kc2 Nxf2 16. Bb2 fxe3 17. Re1 Bf4 18. g3 Bh6 19. Bc1 Qd3+ 20. Kb3 Nxh1 21.
Bxe3 Bxe3 22. Nf3 Bh6 23. Qb2 Rxe1 24. Qg2 Rxf1 25. Ne5 Qb1+ 26. Ka4 Qd1+ 27.
Kb5 a6+ 28. Kc5 c6 29. Kb6 Bg5 30. Kxb7 Re8 31. Nxc6 Rf6 32. Qxd5 Qa4 33. Nd8
Re7+ 34. Kc8 Bd2 35. Nb7 Bxc3 36. Qxh1 Qd7+ 37. Kb8 Re8+ 38. Ka7 Bxd4# 0-1

[Event "Challenge"]
[Site "http://www.queenalice.com/game.php?id=636366"]
[Date "2009.8.14"]
[Round "-"]
[White "par7733"]
[Black "Marcvs"]
[Result "1/2-1/2"]
[WhiteElo "1449"]
[BlackElo "1398"]

1. e4 e5 2. Nf3 Nc6 3. Bc4 Nf6 4. Nc3 Bb4 5. Nd5 Nxd5 6. Bxd5 Qf6 7. O-O O-O 8.
c3 Bc5 9. d4 exd4 10. Bg5 Qg6 11. Bxc6 dxc6 12. cxd4 Bb6 13. Re1 Bg4 14. Bf4
Bxf3 15. Qxf3 Rad8 16. d5 cxd5 17. exd5 Rfe8 18. Be3 Bxe3 19. Rxe3 Qd6 20. Rae1
Kf8 21. Rxe8+ Rxe8 22. Rxe8+ Kxe8 23. Qe4+ Qe7 24. Qb1 Qe5 25. g3 g6 26. Qd1 h5
27. Qa4+ Kd8 28. Qxa7 Qxd5 29. b3 b5 30. Qb8+ Kd7 31. Qa7 Kd6 32. Qa3+ Qc5 33.
b4 Qc4 34. Qb2 c6 35. Qf6+ Qe6 36. Qf4+ Ke7 37. Qc7+ Kf6 1/2-1/2

[Event "Challenge"]
[Site "http://www.queenalice.com/game.php?id=637724"]
[Date "2009.8.16"]
[Round "-"]
[White "Andrei_78"]
[Black "par7733"]
[Result "0-1"]
[WhiteElo "1556"]
[BlackElo "1449"]

1. e4 e5 2. Qf3 Nf6 3. Bd3 Bc5 4. Nc3 Nc6 5. Na4 Nd4 6. Qd1 Qe7 7. c3 Nc6 8. Nf3
Bxf2+ 9. Kxf2 Ng4+ 10. Kg1 a6 11. h3 b5 12. hxg4 bxa4 13. b4 axb3 14. axb3 d5
15. exd5 Qc5+ 16. Kh2 Qxd5 17. Bc4 Qe4 18. Ng5 Qf4+ 19. Kg1 Qxg5 20. Qf1 O-O 21.
Qf3 Qg6 22. Bd5 Bxg4 23. Qg3 h5 24. Bxc6 Qxc6 25. Qxe5 Rfe8 26. Qg3 Qb6+ 27. d4
Qxb3 28. Ba3 c6 29. Kh2 Re3 30. Qxe3 Qc2 31. Rhc1 Qg6 32. Rf1 f5 33. Rf4 Re8 34.
Qd3 Qg5 35. Qc4+ Kh7 36. g3 h4 37. Qxc6 hxg3+ 38. Kxg3 Re3+ 39. Kg2 Bh3+ 40. Kh1
Qxf4 41. Rg1 Bg2+ 42. Qxg2 Qh4+ 43. Qh2 Rh3 44. Rg2 Qe1+ 45. Rg1 Rxh2+ 46. Kxh2
Qxc3 47. Bc5 f4 48. Rh1 Qg3# 0-1

[Event "Challenge"]
[Site "http://www.queenalice.com/game.php?id=639496"]
[Date "2009.8.20"]
[Round "-"]
[White "par7733"]
[Black "feramach"]
[Result "0-1"]
[WhiteElo "1456"]
[BlackElo "1407"]

1. e4 e5 2. Nf3 d6 3. h3 Nf6 4. Nc3 Nbd7 5. Bc4 Nb6 6. Bb3 c5 7. d3 a5 8. Ng5
Be6 9. Bxe6 fxe6 10. Nxe6 Qe7 11. Nb5 Kf7 12. Nbc7 Rc8 13. Bg5 Rxc7 14. Nxc7
Qxc7 15. Bxf6 gxf6 16. O-O Ke8 17. f4 Qg7 18. fxe5 fxe5 19. Qh5+ Qg6 20. Qe2 Nd7
21. d4 exd4 22. Qb5 Rg8 23. Rf2 b6 24. Qc6 Bh6 25. Re2 Be3+ 26. Kh1 Rf8 27. Ree1
Rf2 28. Rg1 Rxc2 29. e5 dxe5 30. Qc8+ Ke7 31. Raf1 Bxg1 32. Rxg1 Rxb2 0-1

[Event "Challenge"]
[Site "http://www.queenalice.com/game.php?id=649237"]
[Date "2009.9.8"]
[Round "-"]
[White "Nascimento"]
[Black "par7733"]
[Result "0-1"]
[WhiteElo "1425"]
[BlackElo "1415"]

1. e4 e5 2. Bc4 Nf6 3. Nc3 Nc6 4. Nf3 Bc5 5. Ng5 O-O 6. Na4 d6 7. Nxc5 dxc5 8.
d3 b5 9. Bd5 Qd6 10. h3 Be6 11. O-O Bxd5 12. exd5 Qxd5 13. Be3 e4 14. Nxe4 Nxe4
15. dxe4 Qxe4 16. Bxc5 Rfd8 17. Qe1 Qxc2 18. Ba3 a5 19. Rc1 Qg6 20. Qe2 b4 21.
Qg4 Qxg4 22. hxg4 Rd6 23. Rfd1 Rxd1+ 24. Rxd1 bxa3 25. bxa3 Rd8 26. Rc1 Rd6 27.
Re1 Kf8 28. f4 Nd4 29. Rb1 Ne2+ 30. Kf2 Nxf4 31. Rb8+ Ke7 32. Kg3 Ne6 33. Kh4 c6
34. Rb7+ Kf6 35. g3 g6 36. a4 g5+ 37. Kh5 Kg7 38. Ra7 Rd2 39. Rxa5 Rh2# 0-1

[Event "Let's Play Chess!"]
[Site "http://www.queenalice.com/game.php?id=774159"]
[Date "2010.5.12"]
[Round "-"]
[White "ArmandoAzevedo"]
[Black "par7733"]
[Result "1-0"]
[WhiteElo "2626"]
[BlackElo "1488"]

1. d4 d5 2. Nf3 Bf5 3. c4 dxc4 4. Nc3 Nf6 5. e3 Qd6 6. Bxc4 h6 7. Qb3 b6 8.
Bxf7+ Kd8 9. e4 Nxe4 10. Nb5 Qd7 11. Ne5 Qc8 12. g4 Bd7 13. Bd5 Bc6 14. Bxc6
Nxc6 15. Qd5+ Nd6 16. Nxc6+ Ke8 17. Qh5+ g6 18. Qxg6+ Nf7 19. Bf4 Qa6 20. Nxc7+
Kd7 21. Qe6# 1-0

[Event "Challenge"]
[Site "http://www.queenalice.com/game.php?id=774746"]
[Date "2010.5.12"]
[Round "-"]
[White "par7733"]
[Black "AuntieRenie"]
[Result "1-0"]
[WhiteElo "1488"]
[BlackElo "1600"]

1. e4 d6 2. Nc3 Nf6 3. d4 g6 4. Bg5 Bg7 5. e5 dxe5 6. dxe5 Qxd1+ 7. Rxd1 Nfd7 8.
Nf3 Nxe5 9. Nxe5 Bxe5 10. Nd5 f6 11. Be3 c6 12. Bh6 Be6 13. Nf4 Bxa2 14. Nd3 Nd7
15. b3 Bc3+ 16. Ke2 g5 17. h4 O-O-O 18. hxg5 fxg5 19. Bxg5 Rde8 20. g3 e6 21.
Rh6 Bg7 22. Rh5 Nc5 23. Nxc5 Bf8 24. Ne4 Bg7 25. Nd6+ Kb8 26. Nxe8 Rxe8 27. Rxh7
Bc3 28. Re7 Rg8 29. Bf4+ Ka8 30. Rxe6 a5 31. Re4 Ka7 32. Ra4 Re8+ 33. Be3+ Ka6
34. Rxa2 b5 35. Rd3 b4 36. Kd1 Rh8 37. Rxc3+ Kb7 38. Rc5 Kb6 39. Rh5+ 1-0

[Event "Let's Play Chess!"]
[Site "http://www.queenalice.com/game.php?id=778902"]
[Date "2010.5.21"]
[Round "-"]
[White "par7733"]
[Black "HelderNanques"]
[Result "0-1"]
[WhiteElo "1504"]
[BlackElo "2060"]

1. e4 d5 2. exd5 Qxd5 3. Nc3 Qd6 4. Bc4 c6 5. d4 Bf5 6. Nf3 Nf6 7. Ne5 e6 8. Bg5
Be7 9. Nxf7 Kxf7 10. O-O h6 11. Bxf6 Bxf6 12. Qe2 Re8 13. Rfe1 Kf8 14. Rad1 b5
15. Bd3 Bxd3 16. Rxd3 Na6 17. Ne4 Qd8 18. Rf3 Kg8 19. Nxf6+ gxf6 20. Rg3+ Kh7
21. Qh5 Rg8 22. Rge3 Nc7 23. Rf3 Rg7 24. Qh4 f5 25. Qf4 Qg5 26. Qxg5 hxg5 27. b3
Rd8 28. Rd1 Rgd7 29. Rh3+ Kg6 30. c3 g4 31. Rg3 Kf6 32. h3 gxh3 33. Rxh3 Rg8 34.
Rdd3 Rg6 35. Rh4 Rdg7 36. g3 Nd5 37. c4 Nb6 38. cxb5 cxb5 39. Rc3 Nd5 40. Rc6 f4
41. Kg2 fxg3 42. f3 Ne3+ 43. Kg1 g2 44. Re4 Nf5 45. Rexe6+ Kg5 46. Rxg6+ Rxg6
47. Rc5 a6 48. Kxg2 Kf4+ 49. Kf2 Nxd4 50. Rc7 Rc6 51. Rxc6 Nxc6 52. Ke2 Ne5 53.
Kd2 Kxf3 54. Kc3 Nc6 55. a4 Ke4 56. axb5 axb5 57. b4 Ke3 58. Kc2 Kd4 59. Kb3 Kd3
60. Ka3 Kc3 61. Ka2 Kxb4 62. Kb2 Nd4 63. Ka2 Kc3 64. Ka3 b4+ 65. Ka2 Kc2 66. Ka1
Ne2 67. Ka2 b3+ 68. Ka3 b2 69. Kb4 b1=Q+ 70. Kc4 Qd1 71. Kc5 Qd4+ 72. Kc6 Nc3
73. Kc7 Qd5 74. Kb6 Qd6+ 75. Ka5 Qb8 76. Ka6 Kb3 77. Ka5 Qb5# 0-1

[Event "AUTO-OPEN-1985"]
[Site "http://www.queenalice.com/game.php?id=779450"]
[Date "2010.5.22"]
[Round "1"]
[White "RobertoAllan"]
[Black "par7733"]
[Result "0-1"]
[WhiteElo "1220"]
[BlackElo "1504"]

1. e4 e5 2. Nf3 Nc6 3. Bb5 Qf6 4. d3 h6 5. O-O Bc5 6. Nc3 Nge7 7. Bd2 a6 8. Ba4
Nd4 9. Nxd4 Bxd4 10. Bb3 Qg6 11. Qf3 d6 12. Bd5 Bxc3 13. Bxc3 Nxd5 14. d4 Bg4
15. Qg3 Nxc3 16. bxc3 exd4 17. cxd4 Qe6 18. d5 Qg6 19. Rfe1 O-O 20. e5 dxe5 21.
Rxe5 Qf6 22. Rae1 Bd7 23. h3 Rfe8 24. Rxe8+ Bxe8 25. Qxc7 Rd8 26. Qxb7 Bb5 27.
Re7 Bc4 0-1

[Event "AUTO-OPEN-1985"]
[Site "http://www.queenalice.com/game.php?id=779451"]
[Date "2010.5.22"]
[Round "1"]
[White "par7733"]
[Black "RobertoAllan"]
[Result "0-1"]
[WhiteElo "1539"]
[BlackElo "1200"]

1. e4 e5 2. Nc3 Nf6 3. Nf3 Nc6 4. Bb5 Bb4 5. Bxc6 dxc6 6. O-O Bg4 7. h3 Bh5 8.
g4 Nxg4 9. hxg4 Bxg4 10. Qe2 Qf6 11. Kg2 h5 12. Qe3 h4 13. Rh1 h3+ 14. Kg3 Bc5
15. Qe2 Qf4# 0-1

[Event "AUTO-OPEN-1985"]
[Site "http://www.queenalice.com/game.php?id=845775"]
[Date "2010.10.14"]
[Round "2"]
[White "par7733"]
[Black "ishamael13"]
[Result "0-1"]
[WhiteElo "1509"]
[BlackElo "1966"]

1. e4 e5 2. Bc4 Nf6 3. d3 d5 4. exd5 Nxd5 5. Qf3 Be6 6. Ne2 Nc6 7. O-O Be7 8.
Nbc3 Ncb4 9. Bb3 O-O 10. a3 Nxc3 11. Nxc3 Bxb3 12. cxb3 Nxd3 13. Rd1 e4 14. Nxe4
Ne5 15. Qe2 Qc8 16. Ng3 Ng6 17. Qh5 Bf6 18. Ne4 Qe6 19. Re1 Rfe8 20. Bg5 Bxg5
21. Qxg5 Qxb3 22. Qh5 Re5 23. Ng5 Rxe1+ 0-1

[Event "AUTO-OPEN-1985"]
[Site "http://www.queenalice.com/game.php?id=845776"]
[Date "2010.10.14"]
[Round "2"]
[White "ishamael13"]
[Black "par7733"]
[Result "1-0"]
[WhiteElo "1964"]
[BlackElo "1509"]

1. b4 e5 2. c3 Qf6 3. e3 e4 4. d4 exd3 5. Bxd3 Bxb4 6. Ne2 Bc5 7. O-O Ne7 8. Bb2
d5 9. Nf4 Nf5 10. Nxd5 Qd8 11. Bxf5 Bxf5 12. e4 Be6 13. c4 Nc6 14. Kh1 O-O 15.
f4 Na5 16. f5 Bd7 17. Qg4 f6 18. e5 g6 19. e6 c6 20. fxg6 h6 21. g7 Re8 22.
Nxf6+ 1-0